000 00227nam a22000857a 4500
008 161201b xxu||||| |||| 00| 0 eng d
100 _91658
_aKhan,F.A
245 _aLevel-3 Communicative English Primer-A
260 _aNew Delhi
_bMachill
999 _c4371
_d4371